00663cam a22002413a 450000100060000000300060000600500170001200800410002904000150007004200070008505000070009210000200009924500580011926000290017750600300020651600200023665300290025665300220028565300280030770000150033583000290035085600420037923456PGUSA20140828083512.0071112s2007||||xxu|||||s|||||000 p eng d aPGUSAbeng adc 4aPZ1 aHunter, Richard10aMore Dolliesh[electronic resource] /cRichard Hunter bProject Gutenberg,c2007 aPublic domain in the USA. aElectronic text aDolls -- Juvenile poetry aChildren's poetry aToys -- Juvenile poetry1 aCobb, Ruth 0aProject Gutenbergv2345640uhttp://www.gutenberg.org/ebooks/23456